Science - Physics | 1 | 5 | 0 | 0 | 65 | 46 | 70.50 | 0 | 1 |
Fine Arts - Music | 0 | 6 | 0 | 0 | 60 | 78 | 108.17 | 0 | 0 |
Fine Arts - Painting | 2 | 1 | 0 | 0 | 40 | 57 | 79.67 | 0 | 0 |
Science - Computer Science | 1 | 2 | 0 | 0 | 35 | 50 | 78.00 | 0 | 0 |
Science - Engineering and Miscellaneous | 0 | 3 | 0 | 0 | 30 | 113 | 115.00 | 0 | 0 |
Literature - World and Miscellaneous | 1 | 1 | 0 | 0 | 25 | 52 | 65.50 | 0 | 0 |
RMP - World Mythology | 0 | 2 | 0 | 0 | 20 | 74 | 104.50 | 0 | 0 |
Science - Math | 0 | 2 | 0 | 0 | 20 | 68 | 70.00 | 0 | 1 |
History - Cross, Historiography, and Miscellaneous | 0 | 2 | 0 | 0 | 20 | 95 | 107.00 | 0 | 1 |
Geography - United States | 1 | 0 | 0 | 0 | 15 | 60 | 60.00 | 0 | 0 |
Literature - American | 1 | 0 | 0 | 0 | 15 | 70 | 70.00 | 0 | 0 |
Science - Biology | 1 | 0 | 0 | 0 | 15 | 65 | 65.00 | 0 | 0 |
Fine Arts - Photography | 1 | 0 | 0 | 0 | 15 | 66 | 66.00 | 0 | 0 |
Social Science - Sociology | 0 | 1 | 0 | 0 | 10 | 87 | 87.00 | 0 | 0 |
Fine Arts - Architecture | 0 | 1 | 0 | 0 | 10 | 117 | 117.00 | 0 | 0 |
Fine Arts - Jazz | 0 | 1 | 0 | 0 | 10 | 94 | 94.00 | 0 | 0 |
History - American | 0 | 1 | 0 | 0 | 10 | 117 | 117.00 | 0 | 0 |
History - World | 0 | 1 | 0 | 0 | 10 | 111 | 111.00 | 0 | 0 |
Literature - European | 0 | 1 | 0 | 0 | 10 | 67 | 67.00 | 0 | 0 |
Other - Other Academic and General Knowledge | 0 | 1 | 0 | 0 | 10 | 128 | 128.00 | 0 | 0 |
RMP - Jewish Practice | 0 | 1 | 0 | 0 | 10 | 92 | 92.00 | 0 | 0 |
Science - Chemistry | 0 | 1 | 0 | 0 | 10 | 80 | 80.00 | 0 | 0 |
Science - Earth | 0 | 1 | 0 | 0 | 10 | 114 | 114.00 | 0 | 0 |
Social Science - Linguistics | 0 | 1 | 0 | 0 | 10 | 56 | 56.00 | 0 | 0 |
Social Science - Other | 0 | 1 | 0 | 0 | 10 | 121 | 121.00 | 0 | 0 |
Current Events - U.S. | 0 | 1 | 0 | 0 | 10 | 107 | 107.00 | 0 | 0 |